000 01579nam0a22003131 4500
001 rc\4489787
005 20130416172145.4
021 _aRU
_b[62-10450]
035 _a(NLR Aleph) 008607719
090 _a8744104
_c8744104
100 _a20130416g19611962|||y0rusy50 ca
101 0 _arus
102 _aRU
105 _aa c |||||
200 1 _aКомплексное лечение на курорте больных хроническим холециститом и холангитом
_e(Метод. указания)
_fМ-во здравоохранения РСФСР. Пятигор. гос. науч.-исслед. бальнеол. ин-т
210 _aПятигорск
_cБ. и.
_d1961 [вып. дан. 1962]
215 _a25 с., 1 л. табл.
_d20
300 _aНа обороте тит. л. сост.: Г.М. Крашеница, И.С. Наназиашвили
320 _aБиблиогр.: с. 24
606 _aХолецистит
_xЛечение курортно-бальнео-физиотерапевтическое
_2psbo
606 _aЖелчные пути
_xБолезни
_xЛечение курортно-бальнео-физиотерапевтическое
_2psbo
702 1 _aНаназиашвили
_bИ. С.
_4220
702 1 _aКрашеница
_bГ. М.
_4220
712 0 2 _aНаучно-исследовательский бальнеологический институт
_cПятигорск
_3RU\NLR\AUTH\886946
801 0 _aRU
_bNLR
_gpsbo
801 1 _aRU
_bELAR
_2rusmarc
852 _aNLR
_j62-4/4514
942 _cBOOK
980 _aNB